00295nam a2200121Ia 45000030006000000080041000060400015000471000012000622450061000742600009001355460012001440050017001560STCL150530s9999 xx 000 0 und d aSTCLcSTCL aEmerson aRepresentative men seven lectures by Ralph Waldo Emerson c1903 aEnglish20220125171400.0